| 000 | 00582nam a22001817a 4500 | ||
|---|---|---|---|
| 005 | 20250223165847.0 | ||
| 008 | 250223b |||||||| |||| 00| 0 eng d | ||
| 020 | _a9780721676272 | ||
| 050 |
_aRK60.5 _b.T67 |
||
| 100 | _aBird, Doni | ||
| 245 |
_aTorres and Ehrlich Modern Dental Assisting/ _cDoni Bird & Debbie Robinson with contributions by Audrey Behrens |
||
| 250 | _a6th ed. | ||
| 260 |
_aPhiladelphia _bW. B. Saunders Company _c1999 |
||
| 300 |
_axxii. 714p. _bill. some color _c28cm |
||
| 700 | _aRobinson, Debbie | ||
| 700 | _aBehrens, Audrey | ||
| 942 |
_2lcc _cBK _e6th ed. _n0 |
||
| 999 |
_c4215 _d4215 |
||